| 000 | 00722nam a2200181Ia 4500 | ||
|---|---|---|---|
| 008 | 100920s9999 xx 000 0 und d | ||
| 082 |
_b98378 _a24 न 07 |
||
| 100 | _aसाळुंखे आ. ह. | ||
| 245 | _aसर्वोत्तम भुमिपुत्र : गौतम बुध्द. | ||
| 260 |
_bलोकायत प्रकाशन, सातारा. _c2007 |
||
| 300 |
_a648 _bसाधी |
||
| 365 | _b380 | ||
| 520 | _aसायो. | ||
| 630 | _aसर्वोत्तम भुमिपुत्र : गौतम बुध्द. | ||
| 650 | _aसायो. | ||
| 730 | _aसर्वोत्तम भुमिपुत्र : गौतम बुध्द. | ||
| 942 | _cBOOK | ||
| 999 |
_c738816 _d738813 |
||